| 000 | 00836nam a2200241Ia 4500 | ||
|---|---|---|---|
| 020 | _a0768907667 (text and audiocassettes) | ||
| 020 | _a0768907659 (text only) | ||
| 040 | _cIBI | ||
| 082 | _a428 PET 2001 A024 Or. | ||
| 100 | 1 | _aRogers, Bruce, | |
| 245 | 1 | 0 | _aTOEFL CBT practice tests / |
| 246 | 1 | 0 | _aCBT practice tests |
| 260 |
_aLawrenceville, N.J. : _bPeterson's ; _aStamford, CT : _bThomson Learning, _cc2001 |
||
| 300 |
_avii, 241 p. : _bill. ; _c28 cm. + _e2 sound cassettes (analog) |
||
| 500 | _a"Adapted from Heinle & Heinle's complete guide to TOEFL test: practice tests. 2nd ed."--T.p. verso | ||
| 500 | _a"Test prep"--T.p | ||
| 650 | 0 | _aTest of English as a foreign language | |
| 650 | 0 | _aEnglish language | |
| 650 | 0 | _aEnglish language | |
| 700 | 1 | _aRogers, Bruce, | |
| 710 | 2 | _aPeterson's (Firm) | |
| 942 | _cEK | ||
| 999 |
_c13930 _d13930 |
||